Pracovná kniha zemepisu pre meštianske školy : so 67 obrázkami v texte a farebnou prílohou II. Pre druhú triedu, Časť 1 Oblasti sveta

Podrobná bibliografia
Hlavní autori: Hanus, Ladislav, 1890-1943 (Autor), Drástová, Marie, 1897-1970 (Autor)
Ďalší autori: Kadlečík, Gustáv (Zostavovateľ, kompilátor), Čižmár, Zdeněk (Zostavovateľ, kompilátor)
Médium: Kniha
Jazyk:slovenčina
Fyzický popis:116 strán, 1 nečíslovaná strana obrazovej prílohy fotografie, grafy, ilustrácie, mapy 21 cm
Vydavateľské údaje: Praha Prešov Československá grafická Unie 1938
Predmet:

MARC

LEADER 00000cam a2200000 a 4500
001 vtls008391949
003 SK-MaSNL
005 20260301092759.0
008 250313s1938 xr odabdrp 001 0 slo
015 |a SNBA19191938-009591 
020 |q (viazané) 
035 |a SK01SNKBSKHR20010084166 
035 |a urn:nbn:sk:snk-am3i8qd 
035 |a 9048D2BD-9CBE-4848-8A45-4589724FEBD9 
035 |a urn:nbn:sk:snk-am00dxmw 
035 |a SKM000086629 
040 |a SNK  |b slo  |c SNK  |e AACR2 
041 0 |a slo 
044 |a xr  |c CZ  |a xo  |c SK 
080 |a 91  |2 2011 
080 |a (075.3)  |2 2011 
100 1 |a Hanus, Ladislav,  |d 1890-1943  |4 aut  |9 170017 
245 1 0 |a Pracovná kniha zemepisu  |b pre meštianske školy : so 67 obrázkami v texte a farebnou prílohou  |n II. Pre druhú triedu, Časť 1  |p Oblasti sveta  |c Hanus, Drástová ; pre slovenské školy upravili Kadlečík, Čižmář 
246 3 0 |a Oblasti sveta 
260 |a Praha  |a Prešov  |b Československá grafická Unie  |c 1938  |e Praha  |e Prešov  |f Československá grafická Únia úč. spol. 
300 |a 116 strán, 1 nečíslovaná strana obrazovej prílohy  |b fotografie, grafy, ilustrácie, mapy  |c 21 cm 
504 |a Obsahuje menný a vecný abecedný zoznam ; poznámky 
650 0 7 |a geografia  |2 SNKPH  |9 823 
655 7 |a učebnice stredných škôl  |2 SNKPH  |9 69323 
700 1 |a Drástová, Marie,  |d 1897-1970  |4 aut  |9 111743 
700 1 |a Kadlečík, Gustáv  |4 com  |9 237595 
700 1 |a Čižmár, Zdeněk  |4 com  |9 424122 
852 |a Slovenská národná knižnica 
954 |a odborná, vedecká literatúra pôvodná (slovenská)  |2 lita 
958 |a OND 
958 |a RK 
958 |a TL 
999 |c 675049  |d 676979 
952 |a SNK  |b SNK  |y PREZ  |7 0  |p 17A0825475  |o snkSC 12783  |i snkKSF 457/59  |8 5  |0 0  |1 0  |4 0  |d 2020-01-21  |f 1  |l 0  |r 2026-02-23 19:39:18  |w 2026-02-23